[Event "Europe Echecs online op April"]
[Site "Europe Echecs INT"]
[Date "2020.04.11"]
[Round "11"]
[White "Lecoq, Julien"]
[Black "Claverie, Christophe"]
[Result "0-1"]
[WhiteElo "2036"]
[BlackElo "2304"]
[PlyCount "78"]
[EventDate "2020.04.11"]
[EventType "swiss (blitz)"]
[EventRounds "11"]
[EventCountry "FRA"]
[SourceTitle "EXT 2021"]
[Source "ChessBase"]
[SourceDate "2020.10.23"]
[SourceVersion "1"]
[SourceVersionDate "2020.10.23"]
[SourceQuality "1"]

1. e4 c5 2. Nf3 g6 3. d4 cxd4 4. Nxd4 Bg7 5. Nc3 Nc6 6. Be3 Nf6 7. Be2 0-0 8. 0-0 d5 9. exd5 Nb4 10. Bg5 Nbxd5 11. Nxd5 Qxd5 12. Bxf6 Bxf6 13. c3 e5 14. Nb3 Qc6 15. Bf3 Qc7 16. Qe2 Bg7 17. Rfd1 h6 18. Be4 f5 19. Bd5+ Kh8 20. Qe3 e4 21. Nd4 Qe5 22. Bc4 a6 23. Re1 Bd7 24. f3 Rac8 25. Bb3 g5 26. fxe4 f4 27. Qf3 g4 28. Qe2 Rce8 29. Bc2 h5 30. Rf1 Qg5 31. Rae1 Re5 32. g3 f3 33. Rxf3 gxf3 34. Nxf3 Qg6 35. Nxe5 Bxe5 36. Qd3 Bh3 37. Bd1 Qb6+ 38. Kh1 Qf2 39. Qe2 Bg2# 0-1

[Event "Europe Echecs online op April"]
[Site "Europe Echecs INT"]
[Date "2020.04.11"]
[Round "7"]
[White "Muzika, Paul"]
[Black "Claverie, Christophe"]
[Result "0-1"]
[WhiteElo "2075"]
[BlackElo "2304"]
[PlyCount "94"]
[EventDate "2020.04.11"]
[EventType "swiss (blitz)"]
[EventRounds "11"]
[EventCountry "FRA"]
[SourceTitle "EXT 2021"]
[Source "ChessBase"]
[SourceDate "2020.10.23"]
[SourceVersion "1"]
[SourceVersionDate "2020.10.23"]
[SourceQuality "1"]

1. e4 c5 2. c3 Nf6 3. e5 Nd5 4. d4 cxd4 5. cxd4 g6 6. Nf3 Bg7 7. Be2 0-0 8. 0-0 Nc6 9. Nc3 Nxc3 10. bxc3 d5 11. exd6 Qxd6 12. a4 Re8 13. Ba3 Qc7 14. c4 Bg4 15. d5 Bxa1 16. Qxa1 Bxf3 17. gxf3 Qe5 18. dxc6 Qxe2 19. Qc3 Qe6 20. cxb7 Rab8 21. Bb2 f6 22. c5 Rxb7 23. Re1 Qb3 24. Qxb3+ Rxb3 25. Re2 Kf7 26. Rc2 Rc8 27. Bd4 Rb4 28. Be3 Rc6 29. a5 g5 30. Kf1 h6 31. Ke2 Ra4 32. Rb2 Rxa5 33. Rb7 Ra2+ 34. Kd3 Ke6 35. Kc4 a6 36. Rb6 Kd7 37. Rb7+ Rc7 38. Rxc7+ Kxc7 39. Kd5 f5 40. Ke6 f4 41. Bd4 Rd2 42. Bg7 Kc6 43. Bxh6 Rxf2 44. Bxg5 Rxf3 45. Bxe7 Re3+ 46. Kf6 Rxe7 47. Kxe7 f3 0-1

[Event "Besancon op"]
[Site "Besancon"]
[Date "2014.??.??"]
[Round "2"]
[White "Claverie, Christophe"]
[Black "Sonnet, Jean Pierre"]
[Result "1/2-1/2"]
[WhiteElo "2333"]
[BlackElo "2080"]
[PlyCount "43"]
[EventDate "2014.10.29"]
[EventType "swiss"]
[EventRounds "7"]
[EventCountry "FRA"]
[SourceTitle "EXT 2016"]
[Source "ChessBase"]
[SourceDate "2015.10.08"]
[SourceVersion "1"]
[SourceVersionDate "2015.10.08"]
[SourceQuality "1"]

1. d4 Nf6 2. Nf3 c5 3. d5 g6 4. c4 b5 5. a4 bxc4 6. Nc3 d6 7. e4 Bg7 8. Bxc4 0-0 9. h3 Qa5 10. 0-0 Ba6 11. Nd2 Bxc4 12. Nxc4 Qb4 13. Qe2 Nbd7 14. a5 Ne8 15. Ra4 Qb8 16. Bf4 Nc7 17. Re1 Nb5 18. Nxb5 Qxb5 19. Qc2 Rab8 20. Ra3 Rfc8 21. Ree3 Qa6 22. e5 1/2-1/2

[Event "Besancon op"]
[Site "Besancon"]
[Date "2014.??.??"]
[Round "7"]
[White "Daspres, Loic"]
[Black "Claverie, Christophe"]
[Result "0-1"]
[WhiteElo "2159"]
[BlackElo "2333"]
[PlyCount "103"]
[EventDate "2014.10.29"]
[EventType "swiss"]
[EventRounds "7"]
[EventCountry "FRA"]
[SourceTitle "EXT 2016"]
[Source "ChessBase"]
[SourceDate "2015.10.08"]
[SourceVersion "1"]
[SourceVersionDate "2015.10.08"]
[SourceQuality "1"]

1. e4 c5 2. Nf3 d6 3. Bb5+ Nd7 4. d4 cxd4 5. Qxd4 e5 6. Qd3 h6 7. Be3 Ngf6 8. Nc3 Be7 9. 0-0 0-0 10. Bc4 a6 11. Nh4 b5 12. Bd5 Nxd5 13. Qxd5 Rb8 14. Ng6 Nf6 15. Nxe7+ Qxe7 16. Qd2 Bb7 17. f3 b4 18. Na4 Bc6 19. Nb6 Qc7 20. Qf2 Rb7 21. Rfd1 Ra8 22. Nd5 Bxd5 23. exd5 Rb5 24. f4 Nxd5 25. fxe5 dxe5 26. Rd2 Nxe3 27. Qxe3 Qc5 28. Kf2 f5 29. Rc1 f4 30. Qxc5 Rxc5 31. Rd6 a5 32. Kf3 Rac8 33. c4 bxc3 34. b3 Kf7 35. Ke4 g6 36. Rc2 Rb8 37. Kd3 Rbc8 38. Ke4 h5 39. g3 fxg3 40. hxg3 Kg7 41. Re6 Rb8 42. Rd6 Rb4+ 43. Ke3 Rg4 44. Kf2 e4 45. a3 Rf5+ 46. Ke3 Rf3+ 47. Kd4 Rd3+ 48. Ke5 Rgxg3 49. b4 axb4 50. axb4 Rg5+ 51. Ke6 Rxd6+ 52. Kxd6 0-1